Noms de boss dragon quest ix - Statistiques

Statistiques générales
  • Ce quiz a été pris 89 fois
  • Le résultat moyen est 9 sur 21
Statistiques - réponses
Hint Réponse % Correct
20 corvus
86%
2 Chevalier karbon
78%
4 epidemon
65%
1 Hexacorne
63%
13 grizius
61%
16 mac leo
59%
5 moby pick
59%
19 barbarus
57%
15 mac hulotte
55%
6 blaisepheme
47%
11 directueur
47%
3 sylvane
45%
8 tyrantule
39%
7 garde gouille
33%
9 balthézard
27%
14 mac asin
25%
10 Larstastnaras
20%
12 gadrongo
18%
17 roi gowin
12%
21 corvus phase 2
4%
18 roi gowin phase 2
4%
Aucun quiz correspondant
Distribution des résultats
% des personnes avec chaque résultat
Percentile par nombre de réponses
Votre historique - résultats
Vous n’avez pas pris ce quiz